00445nam a22001457a 4500003000500000038001800005082000800023100001900031245007300050264003700123300001200160650003000172700004000202856005700242NUST aNusrat Nadeem a200 aYounis, Hamad  aFruit Detection and Yield Estimation from Video Data /cHamad Younis aIslamabad :bSEECS, NUST,c2022. a37 p. ; aMS-Electrical Engineering aSupervisor: Muhammad Shahzad Younis uhttp://10.250.8.41:8080/xmlui/handle/123456789/30010